1001 1215 1789 1559 1559 1165 1739 1191 1946 1469 1676 1190 1882 1169 1068 1255 1146 1465 1292 1600 1970 1100 1623 1707 1583 1226 1717 1071 1924 1113 1071 1061 1839 1152 1552 1983 1519 1230 1375 1710 1112 1217 1354 1428 1528 1269 1911 1818 1858 1880 1723 1931 1946 1383 1098 1278 1030 1041 1783 1662 1011 1912 1262 1671 1700 1530 1412 1665 1622 1678 1142 1932 1451 1557 1443 1545 1150 1376 1185 1532 1597 1308 1522 1367 1020 1865 1000 1335 1770 1685 1111 1667 1686 1673 1088 1756 1267 1694 1035 BCNSPRNW ULIB Ver.6.0+V

เปลี่ยนเป็นภาษาไทย

Change to English
 แสดงรายละเอียดบรรณานุกรม
  กลับหน้าหลัก

Brief Record : Get Marc (ISO 2709) : E-mail record : QR code < ปิดหน้าต่าง
LEADER : 00000nam 2200000uu 4500
001    13399112921
003     ULIB
008    110919s2552||||th 000 0 tha d
020    9786165200110
090    นว.^bว264บ 2552
100 0  วรรณศุกร์
245 00 บัลลังก์รักครีษมายัน/^cวรรณศุกร์
250    พิมพ์ครั้งที่ 1
260    กรุงเทพฯ :^b1168,^c2552
300    288 หน้า
945    ^p195^l0^i16417
995    กัณชพร
999     ^aใช้งานได้ทุกระบบ
รายการนี้ยังไม่มีแท็ก
คุณยังไม่ได้ล็อกอิน คุณสามารถมีกิจกรรมร่วมกับเว็บไซต์ได้ แต่ต้องล็อกอินก่อน ::
  ล็อกอิน

รายการสื่อสารสนเทศ

ลำดับที่ ประเภท เลขเรียก/บาร์โค้ด สถานที่ สถานะ
1. นวนิยาย
นวนิยาย
นว. ว264บ 2552  
  Barcode: 16417
ห้องสมุดวิทยาเขตสวรรค์ประชารักษ์
►นวนิยาย
บนชั้น
  ขอยืม

รายการใกล้เคียง
    ผู้แต่ง [วรรณศุกร์]

BibComment


ยังไม่เคยถูกคอมเมนท์

คอมเมนท์ทรัพยากรรายการนี้
  คอมเมนท์: บัลลังก์รักครีษมา..


 Copyright 2026. Bcnsprnw @Library